Think tanks and non-traditional security: governance entrepreneurs in Asia (Record no. 8908)
[ view plain ]
| 000 -LEADER | |
|---|---|
| fixed length control field | 00594nam a2200193Ia 4500 |
| 020 ## - INTERNATIONAL STANDARD BOOK NUMBER | |
| ISBN | 9781137488244 |
| 082 ## - DEWEY DECIMAL CLASSIFICATION NUMBER | |
| Classification number | 327.1 ZIM-T |
| 100 ## - MAIN ENTRY--AUTHOR NAME | |
| Personal name | Zimmerman, Erin |
| 245 #0 - TITLE STATEMENT | |
| Title | Think tanks and non-traditional security: governance entrepreneurs in Asia |
| 260 ## - PUBLICATION, DISTRIBUTION, ETC. (IMPRINT) | |
| Place of publication | Houndmills |
| Name of publisher | Palgrave Macmillan |
| Year of publication | 2016 |
| 300 ## - PHYSICAL DESCRIPTION | |
| Number of Pages | xi, 214p |
| 440 ## - SERIES STATEMENT/ADDED ENTRY--TITLE | |
| Title | Critical studies of the Asia-Pacific |
| 504 ## - BIBLIOGRAPHY, ETC. NOTE | |
| Bibliography, etc | includes Bibliography and index |
| 650 ## - SUBJECT ADDED ENTRY--TOPICAL TERM | |
| Topical Term | International Relations |
| 650 ## - SUBJECT ADDED ENTRY--TOPICAL TERM | |
| Topical Term | World politics |
| 650 ## - SUBJECT ADDED ENTRY--TOPICAL TERM | |
| Topical Term | Association South East Asian Nations (ASEAN) |
| 700 ## - ADDED ENTRY--PERSONAL NAME | |
| Personal name | Beeson, Mark |
| 942 ## - ADDED ENTRY ELEMENTS (KOHA) | |
| Koha item type | Books |
| Withdrawn status | Lost status | Damaged status | Not for loan | Home library | Current library | Date acquired | Source of acquisition | Bill Date | Full call number | Accession Number | Price effective from | Koha item type |
|---|---|---|---|---|---|---|---|---|---|---|---|---|
| NASSDOC Library | NASSDOC Library | 28/03/2017 | OP | 2017-03-21 | 327.1 ZIM-T | 49192 | 18/04/2019 | Books |
